ASOIAF - Click House Sigils - Statistics

General Stats
  • This quiz has been taken 1,085 times
  • The average score is 32 of 48
Answer Stats
Hint Answer % Correct
Bolton
93%
Baratheon
93%
Tyrell
93%
Stark
93%
Martell
92%
Arryn
92%
Lannister
92%
Targaryen
90%
Mormont
90%
Greyjoy
90%
Hightower
90%
Frey
89%
Tully
87%
Blackfyre
86%
Velaryon
84%
Swann
83%
Clegane
82%
Seaworth
79%
Glover
78%
Karstark
77%
Tarly
74%
Beesbury
74%
Webber
73%
Redfort
71%
Reed
71%
Florent
67%
Hornwood
66%
Tarth
66%
Codd
65%
Bracken
62%
Yronwood
59%
Royce
59%
Baelish
54%
Belmore
53%
Mallister
53%
Ashford
53%
Estermont
51%
Cerwyn
51%
Crakehall
48%
Westerling
48%
Brax
45%
Payne
40%
Bulwer
36%
Caron
34%
Lonmouth
33%
Toland
29%
Harroway
28%
Ambrose
27%
No matching quizzes found
Score Distribution
Percent of People with Each Score
Percentile by Number Answered
Your Score History
You have not taken this quiz